000
00201nam a22000857a 4500
001
1301055
005
20260427164242.0
245
_a
BİLİMLE EL ELE-MADDE
_c
LOLA M. SCHAEEFR
260
_b
TÜBİTAK YAYINLARI
999
_c
1301055
_d
1301055